000 00282nam a2200085Ia 4500
008 220120s9999||||xx |||||||||||||| ||und||
100 _aArun, C. P and Bhaskar
_912183
245 0 _aVehicle overspeed control and tickiling system
260 _aCoorg Institute of Technology
_bPonnampet
_c2009
999 _c137769
_d137769